[Event "Klausen - Ehrenburg2"]
[Site "?"]
[Date "2017.02.11"]
[Round "7.5"]
[White "Zambelli, Walter"]
[Black "Schrott, Ernst"]
[Result "1/2-1/2"]
[WhiteElo "1408"]
[BlackElo "1897"]
[PlyCount "91"]
[EventDate "2017.02.11"]

1. e4 c5 2. Bc4 e6 3. Nc3 a6 4. d3 b5 5. Bb3 Bb7 6. Nf3 Nf6 7. O-O Be7 8. h3
O-O 9. Bg5 d6 10. a3 Nc6 11. Nh2 Nd4 12. Ba2 Rc8 13. Ne2 Qc7 14. c3 Nc6 15. Ng3
Rfd8 16. Nh5 Nxh5 17. Qxh5 Bxg5 18. Qxg5 Qe7 19. Qg3 d5 20. exd5 exd5 21. Rae1
Qd6 22. Qf3 c4 23. d4 Re8 24. Re3 Re7 25. Bb1 Rce8 26. Rfe1 Rxe3 27. Rxe3 Rxe3
28. fxe3 Bc8 29. e4 Be6 30. Nf1 dxe4 31. Qxe4 g6 32. Qf3 Ne7 33. Ne3 Nd5 34.
Nxd5 Qxd5 35. Be4 Qg5 36. Kf2 f5 37. Bb7 Qd2+ 38. Qe2 Qf4+ 39. Ke1 Qd6 40. Qe5
Qb6 41. Bd5 Kf7 42. Ke2 Bxd5 43. Qxd5+ Qe6+ 44. Qxe6+ Kxe6 45. Ke3 g5 46. g3
1/2-1/2

[Event "Groeden - Gries"]
[Site "?"]
[Date "2017.02.25"]
[Round "8.2"]
[White "Demetz, Rainer"]
[Black "Niederstaetter, Harald"]
[Result "1/2-1/2"]
[WhiteElo "2173"]
[BlackElo "1936"]
[PlyCount "61"]
[EventDate "2017.02.25"]

1. e4 d6 2. d4 Nf6 3. Nc3 e5 4. Nf3 Nbd7 5. Bc4 Be7 6. O-O O-O 7. Re1 c6 8. a4
a5 9. Bf1 Qc7 10. Bg5 Re8 11. h3 exd4 12. Nxd4 Nc5 13. Qd2 Ne6 14. Bh4 g6 15.
Rad1 Kg7 16. Re3 h6 17. Bg3 Nc5 18. e5 dxe5 19. Bxe5 Qd8 20. Qe1 Bd7 21. Bc7
Qxc7 22. Rxe7 Kf8 23. Rxe8+ Rxe8 24. Qd2 Kg7 25. Nf3 Bf5 26. Qd4 Ne6 27. Qd2
Nc5 28. Nd4 Qe5 29. f4 Qc7 30. Nxf5+ gxf5 31. Qd4 1/2-1/2

[Event "Groeden - Gries"]
[Site "?"]
[Date "2017.02.25"]
[Round "8.3"]
[White "Fongarolli, Diego"]
[Black "Bernardi, Ruben"]
[Result "1-0"]
[WhiteElo "1926"]
[BlackElo "2135"]
[PlyCount "79"]
[EventDate "2017.02.25"]

1. e4 e6 2. d4 d5 3. Nd2 Nf6 4. e5 Nfd7 5. Bd3 c5 6. c3 Nc6 7. Ne2 cxd4 8. cxd4
f6 9. Nf4 Nxd4 10. Qh5+ Ke7 11. exf6+ Nxf6 12. Ng6+ hxg6 13. Qxh8 Kf7 14. O-O
e5 15. Nb3 Nxb3 16. axb3 Bf5 17. Bxf5 gxf5 18. Bg5 a6 19. Rac1 Bd6 20. Qh3 g6
21. Rfd1 d4 22. Qd3 Rc8 23. Kh1 Qh8 24. Bxf6 Kxf6 25. f4 Kf7 26. Rxc8 Qxc8 27.
fxe5 Bxe5 28. Re1 Qc5 29. Qf3 Qc7 30. g4 Bf6 31. gxf5 Qc6 32. fxg6+ Kxg6 33.
Qxc6 bxc6 34. Kg2 c5 35. Re6 a5 36. Rc6 Kf5 37. Rxc5+ Ke4 38. Kf1 d3 39. Ke1
Bxb2 40. Kd1 1-0

[Event "Groeden - Gries"]
[Site "?"]
[Date "2017.02.25"]
[Round "8.5"]
[White "Paulmichl, Martin"]
[Black "Dejori, David"]
[Result "1/2-1/2"]
[WhiteElo "1889"]
[BlackElo "1730"]
[PlyCount "56"]
[EventDate "2017.02.25"]

1. d4 d5 2. Bf4 e6 3. e3 Nf6 4. Nf3 Nbd7 5. Nbd2 Be7 6. h3 O-O 7. Bd3 c5 8. c3
b6 9. O-O Bb7 10. Ne5 c4 11. Bc2 Rc8 12. a4 Nxe5 13. dxe5 Ne4 14. Nxe4 dxe4 15.
Qg4 Qc7 16. Rfd1 Bc5 17. Rd2 Rfd8 18. Rad1 Rxd2 19. Rxd2 Rd8 20. Rxd8+ Qxd8 21.
Bg3 Qd5 22. Kh2 Be7 23. Qd1 g6 24. Kg1 Bd8 25. Kf1 Bc7 26. Ke2 Bc6 27. Qd4 h6
28. Ke1 Kg7 1/2-1/2

[Event "Groeden - Gries"]
[Site "?"]
[Date "2017.02.25"]
[Round "8.6"]
[White "Kasslatter, Matthias"]
[Black "Sponberger, Peter"]
[Result "1-0"]
[WhiteElo "1400"]
[BlackElo "1536"]
[PlyCount "75"]
[EventDate "2017.02.25"]

1. e4 c6 2. d4 d5 3. Nc3 dxe4 4. Nxe4 Bf5 5. Ng3 Bg6 6. Nf3 Nf6 7. h4 h6 8. h5
Bh7 9. Bd3 Bxd3 10. Qxd3 e6 11. Bd2 Bd6 12. Ne5 Bxe5 13. dxe5 Qxd3 14. cxd3 Nd5
15. d4 Nd7 16. O-O O-O 17. Rac1 Rac8 18. Ne4 f6 19. f4 fxe5 20. Nd6 Rc7 21.
fxe5 Rxf1+ 22. Rxf1 N7b6 23. b3 Nc8 24. Ne4 b6 25. Rc1 Nce7 26. Nd6 Nf5 27.
Nxf5 exf5 28. g3 Kf7 29. Bf4 Ke6 30. Kf2 Nb4 31. Ra1 Rd7 32. Be3 Kd5 33. a3 Nc2
34. Ra2 Nxd4 35. Bxd4 Ke4 36. Bc3 Rd3 37. Re2+ Kd5 38. e6 1-0

[Event "Bruneck - Arci"]
[Site "?"]
[Date "2017.02.25"]
[Round "8.5"]
[White "Rinaldo, Gaetano"]
[Black "Niederkofler, Andreas"]
[Result "1/2-1/2"]
[WhiteElo "1668"]
[BlackElo "1780"]
[PlyCount "78"]
[EventDate "2017.02.25"]

1. g3 Nf6 2. Nf3 c5 3. c4 e6 4. Bg2 Qc7 5. O-O Be7 6. Nc3 a6 7. d3 O-O 8. Rb1
b6 9. a3 Bb7 10. Bf4 d6 11. b4 cxb4 12. Rxb4 Nbd7 13. Qb1 Rfb8 14. Rc1 Ne5 15.
e4 Nfd7 16. Na4 Bc6 17. d4 Nxf3+ 18. Bxf3 e5 19. Be3 a5 20. Rb5 Bxb5 21. cxb5
Qd8 22. d5 Rc8 23. Rc6 Rab8 24. Bg4 Rxc6 25. bxc6 Nc5 26. Nc3 Na6 27. Nb5 Nc7
28. a4 Nxb5 29. Qxb5 h6 30. Bd7 Bg5 31. Kg2 Bxe3 32. fxe3 Qc7 33. Qa6 Kf8 34.
Qb5 Rd8 35. Bg4 Kg8 36. Qa6 Rb8 37. Qb5 Rd8 38. Qa6 Rb8 39. Qb5 Rd8 1/2-1/2

[Event "Bruneck - Arci"]
[Site "?"]
[Date "2017.02.25"]
[Round "8.3"]
[White "Reyna Hernandez, Sandor"]
[Black "Glueck, Alexander"]
[Result "0-1"]
[WhiteElo "1865"]
[BlackElo "1933"]
[PlyCount "66"]
[EventDate "2017.02.25"]

1. d4 d5 2. c4 c6 3. e3 Nf6 4. Nf3 e6 5. Nc3 Nbd7 6. Bd3 Bd6 7. O-O O-O 8. c5
Bc7 9. b4 Qe7 10. Bb2 e5 11. dxe5 Nxe5 12. Nxe5 Qxe5 13. g3 Qe7 14. Qc2 Re8 15.
Rfe1 Ne4 16. Nxe4 dxe4 17. Bc4 Bg4 18. b5 h5 19. b6 axb6 20. cxb6 Bb8 21. a4 h4
22. Bd4 Bf3 23. Reb1 Ra5 24. Bf1 Qg5 25. Bg2 hxg3 26. hxg3 Qg4 27. Qc1 Bxg2 28.
Kxg2 Qf3+ 29. Kf1 Rh5 30. Ke1 Rh1+ 31. Kd2 Qxf2+ 32. Kc3 Rxc1+ 33. Rxc1 Be5 0-1

[Event "Bruneck - Arci"]
[Site "?"]
[Date "2017.02.25"]
[Round "8.6"]
[White "Peintner, Markus"]
[Black "Feichter, Matthias"]
[Result "1/2-1/2"]
[WhiteElo "1431"]
[BlackElo "1435"]
[PlyCount "83"]
[EventDate "2017.02.25"]

1. c4 Nf6 2. Nc3 e5 3. g3 c6 4. d4 exd4 5. Qxd4 Be7 6. Bg2 O-O 7. e4 d6 8. Nf3
Be6 9. O-O h6 10. Rd1 Qb6 11. b3 Rd8 12. Qxb6 axb6 13. Be3 Nbd7 14. h3 Nc5 15.
Nd2 Ne8 16. Kh2 Bf6 17. Rac1 Ra3 18. Ndb1 Raa8 19. Bd4 Bxd4 20. Rxd4 f5 21. Rc2
fxe4 22. Nxe4 Nxe4 23. Bxe4 Nf6 24. f3 d5 25. cxd5 Nxd5 26. Bxd5 Rxd5 27. Rxd5
Bxd5 28. Kg2 Rf8 29. Rf2 c5 30. Nc3 Bc6 31. g4 g5 32. Kg3 Re8 33. Re2 Rxe2 34.
Nxe2 Kf7 35. f4 b5 36. fxg5 hxg5 37. h4 gxh4+ 38. Kxh4 c4 39. g5 Bf3 40. Nc1 c3
41. Kg3 Be4 42. Kf4 1/2-1/2

[Event "Bruneck - Arci"]
[Site "?"]
[Date "2017.02.25"]
[Round "8.1"]
[White "Olivetti, Davide"]
[Black "Luciani, Valerio"]
[Result "1/2-1/2"]
[WhiteElo "2095"]
[BlackElo "2178"]
[PlyCount "58"]
[EventDate "2017.02.25"]

1. e4 e6 2. d4 d5 3. Nd2 c5 4. exd5 exd5 5. Ngf3 Nc6 6. Bb5 Bd6 7. O-O Nge7 8.
dxc5 Bxc5 9. Nb3 Bd6 10. Re1 O-O 11. h3 Bf5 12. Nbd4 Bg6 13. Bg5 Rc8 14. c3 Re8
15. Bd3 Qd7 16. Bxg6 Nxg6 17. Qd3 f6 18. Qf5 Qf7 19. Be3 Nge5 20. Nxc6 Nxf3+
21. Qxf3 bxc6 22. Rad1 Re4 23. Rd4 Rce8 24. Rxe4 Rxe4 25. Qd1 Qe7 26. Kf1 f5
27. Bd4 Rxe1+ 28. Qxe1 Qxe1+ 29. Kxe1 a6 1/2-1/2

[Event "Bruneck - Arci"]
[Site "?"]
[Date "2017.02.25"]
[Round "8.2"]
[White "Moling, Patrick"]
[Black "De Vita, Gianni"]
[Result "1/2-1/2"]
[WhiteElo "2077"]
[BlackElo "1941"]
[PlyCount "96"]
[EventDate "2017.02.25"]

1. e4 c5 2. Nf3 e6 3. d4 cxd4 4. Nxd4 Nc6 5. Nc3 Qc7 6. Ndb5 Qb8 7. a4 a6 8.
Na3 Nf6 9. Nc4 Bc5 10. Be3 Bxe3 11. Nxe3 O-O 12. Be2 b6 13. O-O Rd8 14. f4 d6
15. Qe1 Qc7 16. Rd1 Bb7 17. Bf3 Rac8 18. Rf2 Na5 19. Rfd2 Nc4 20. Nxc4 Qxc4 21.
Rd4 Qc5 22. Kh1 e5 23. fxe5 Qxe5 24. Qd2 Re8 25. Qd3 g6 26. Kg1 Re7 27. Rxd6
Bxe4 28. Bxe4 Nxe4 29. Nxe4 Qxe4 30. Qxe4 Rxe4 31. Rd8+ Rxd8 32. Rxd8+ Kg7 33.
Rb8 Re6 34. Ra8 a5 35. Rb8 h5 36. Kf2 g5 37. c3 f5 38. b4 axb4 39. cxb4 Kf6 40.
Rh8 Kg6 41. Rc8 f4 42. a5 bxa5 43. bxa5 Kf5 44. Rc5+ Kg4 45. Rc3 Kf5 46. Ra3
Ra6 47. g3 fxg3+ 48. hxg3 h4 1/2-1/2

[Event "Bruneck - Arci"]
[Site "?"]
[Date "2017.02.25"]
[Round "8.4"]
[White "Balzarini, Franco"]
[Black "D'Ambrosio, Luca"]
[Result "0-1"]
[WhiteElo "1822"]
[BlackElo "1731"]
[PlyCount "108"]
[EventDate "2017.02.25"]

1. d4 d5 2. Nf3 Nf6 3. c4 c6 4. e3 e6 5. Bd3 Nbd7 6. O-O dxc4 7. Bxc4 Bd6 8.
Nbd2 O-O 9. b3 c5 10. Bb2 b6 11. Qe2 Bb7 12. Rfd1 cxd4 13. Nxd4 Qe7 14. Nb5 Be5
15. Ba3 Nc5 16. Rac1 a6 17. Nd4 Bd6 18. Bb2 b5 19. Bd3 Nxd3 20. Qxd3 Rfd8 21.
Qe2 Rac8 22. h3 Ne4 23. Nxe4 Bxe4 24. Qg4 f5 25. Qe2 Rxc1 26. Rxc1 Qg5 27. f4
Qg6 28. Nc6 Rd7 29. a3 Qg3 30. Qf2 Qxf2+ 31. Kxf2 Bxf4 32. Bd4 Bd6 33. b4 Rc7
34. Ne7+ Rxe7 35. Rc8+ Kf7 36. Rd8 Bc7 37. Rh8 Kg6 38. g4 fxg4 39. hxg4 Rf7+
40. Ke1 Bg3+ 41. Kd2 Rd7 42. Ke2 Rf7 43. Kd2 Bd6 44. Rd8 Bc7 45. Re8 Bd5 46. e4
Bc4 47. Rc8 Bf4+ 48. Kc2 Rc7 49. Re8 Be2+ 50. Kb3 Bxg4 51. Ra8 Rc6 52. Ra7 e5
53. Bc5 Bg5 54. a4 Bd1+ 0-1

[Event "Kaltern/Tramin - Ehrenburg"]
[Site "?"]
[Date "2017.02.25"]
[Round "8.1"]
[White "Jedinger, Andreas"]
[Black "Paltrinieri, Nicholas"]
[Result "1/2-1/2"]
[WhiteElo "2124"]
[BlackElo "2232"]
[PlyCount "72"]
[EventDate "2017.02.25"]

1. e4 e6 2. d4 d5 3. Nc3 Bb4 4. a3 Bxc3+ 5. bxc3 dxe4 6. Qg4 Nf6 7. Qxg7 Rg8 8.
Qh6 Nbd7 9. Qd2 b6 10. Bb2 Bb7 11. O-O-O Qe7 12. c4 O-O-O 13. Ne2 c5 14. d5
exd5 15. cxd5 Nxd5 16. Ng3 Qe6 17. Bc4 Ne5 18. Bxd5 Rxd5 19. Qe2 Nc4 20. Rxd5
Bxd5 21. Rd1 Rd8 22. Qh5 Kc7 23. Bc3 Nxa3 24. Re1 Nb5 25. Bb2 Re8 26. c4 Bc6
27. cxb5 Qc4+ 28. Kb1 Bxb5 29. Rd1 Ba4 30. Rd2 e3 31. Be5+ Kb7 32. fxe3 Qb3+
33. Bb2 Rxe3 34. Qd5+ Qxd5 35. Rxd5 Re1+ 36. Bc1 Rg1 1/2-1/2

[Event "Kaltern/Tramin - Ehrenburg"]
[Site "?"]
[Date "2017.02.25"]
[Round "8.4"]
[White "Unterkofler, Alex"]
[Black "Flatscher, Tobias"]
[Result "1-0"]
[WhiteElo "1647"]
[BlackElo "1750"]
[PlyCount "35"]
[EventDate "2017.02.25"]

1. e4 e5 2. f4 exf4 3. Nf3 d5 4. exd5 Qxd5 5. Nc3 Qe6+ 6. Be2 Bd6 7. O-O Ne7 8.
d4 c6 9. Bd3 f6 10. Re1 Qf7 11. Ne4 Bc7 12. b3 O-O 13. Ba3 Re8 14. Nfg5 fxg5
15. Nxg5 Qf6 16. Qh5 g6 17. Bc4+ Kf8 18. Qh6+ 1-0

[Event "Kaltern/Tramin - Ehrenburg"]
[Site "?"]
[Date "2017.02.25"]
[Round "8.2"]
[White "Panjkovic, Aleksandar"]
[Black "Babinetz, Rainer"]
[Result "1-0"]
[WhiteElo "2087"]
[BlackElo "1967"]
[PlyCount "70"]
[EventDate "2017.02.25"]

1. g3 g6 2. c4 d6 3. Bg2 Bg7 4. Nc3 Nf6 5. e4 Nbd7 6. Nge2 O-O 7. O-O c6 8. d3
e5 9. h3 Ne8 10. Be3 f5 11. Qd2 Ndf6 12. Rae1 Be6 13. b3 Qd7 14. Kh2 Nh5 15. f4
Nef6 16. d4 Nxe4 17. Nxe4 fxe4 18. dxe5 dxe5 19. Qxd7 Bxd7 20. Bxe4 exf4 21.
Nxf4 Rfe8 22. Nxh5 Rxe4 23. Nxg7 Kxg7 24. Bh6+ Kxh6 25. Rxe4 Bf5 26. Re7 b5 27.
cxb5 cxb5 28. g4 Bd3 29. Rf3 Bb1 30. h4 a5 31. Kg3 Rh8 32. Rff7 g5 33. Rf6+ Bg6
34. h5 Rd8 35. hxg6 hxg6 1-0

[Event "Kaltern/Tramin - Ehrenburg"]
[Site "?"]
[Date "2017.02.25"]
[Round "8.3"]
[White "Mairhofer, Lino"]
[Black "Thaler, Elmar"]
[Result "1/2-1/2"]
[WhiteElo "1713"]
[BlackElo "1799"]
[PlyCount "30"]
[EventDate "2017.02.25"]

1. e4 c6 2. e5 d5 3. exd6 exd6 4. d4 Nf6 5. Nf3 Be7 6. Bd3 Bg4 7. Bf4 Qb6 8.
Nbd2 d5 9. O-O O-O 10. Re1 Re8 11. h3 Bxf3 12. Nxf3 Nbd7 13. Ne5 g6 14. Bg5
Nxe5 15. dxe5 Ne4 1/2-1/2

[Event "Steinegg - Klausen"]
[Site "?"]
[Date "2017.02.25"]
[Round "8.1"]
[White "Schacher, Gerd"]
[Black "Mukic, Josko"]
[Result "1-0"]
[WhiteElo "2297"]
[BlackElo "2264"]
[PlyCount "54"]
[EventDate "2017.02.25"]

1. Nf3 e6 2. g3 f5 3. Bg2 Nf6 4. c4 Be7 5. O-O O-O 6. d4 d6 7. b4 Ne4 8. Bb2 a5
9. b5 a4 10. Qd3 c6 11. Nbd2 d5 12. Rab1 cxb5 13. cxb5 Bd7 14. Ba3 Bxa3 15.
Qxa3 Ra5 16. Qd3 Qb6 17. Ne5 Bxb5 18. Nxe4 fxe4 19. Qd2 Qa6 20. Rfc1 Nc6 21.
Nd7 Re8 22. Qg5 Kh8 23. e3 Nxd4 24. Nf6 Ne2+ 25. Kh1 Nxc1 26. Nxe8 Bxe8 27. Qe7
h6 1-0

[Event "Steinegg - Klausen"]
[Site "?"]
[Date "2017.02.25"]
[Round "8.2"]
[White "Engl, Stefan"]
[Black "Seebacher, Michael"]
[Result "0-1"]
[WhiteElo "2014"]
[BlackElo "1904"]
[PlyCount "108"]
[EventDate "2017.02.25"]

1. e4 Nc6 2. Nf3 e5 3. d4 exd4 4. Bc4 Bc5 5. c3 Nf6 6. cxd4 Bb4+ 7. Bd2 Nxe4 8.
Bxb4 Nxb4 9. Bxf7+ Kxf7 10. Qb3+ d5 11. Ne5+ Ke6 12. Qxb4 Qf8 13. Qxf8 Rxf8 14.
f3 Nd6 15. Nc3 c6 16. O-O-O Nf7 17. Rhe1 Nxe5 18. Rxe5+ Kd6 19. Rde1 Bd7 20.
Kd2 Rae8 21. f4 Rxe5 22. dxe5+ Ke7 23. g3 Be6 24. b4 b6 25. Rc1 Rc8 26. Na4 Bd7
27. Nb2 Bf5 28. Nd1 g6 29. Nf2 c5 30. g4 Bd7 31. bxc5 bxc5 32. h3 Bb5 33. a4
Ba6 34. Nd3 Bxd3 35. Kxd3 Ke6 36. h4 c4+ 37. Kd4 Rf8 38. Rf1 h5 39. g5 Rb8 40.
f5+ gxf5 41. Rg1 Rc8 42. g6 Rg8 43. Rg5 Rg7 44. Rg2 f4 45. Rg5 a5 46. Rg1 f3
47. Ke3 f2 48. Kxf2 Kxe5 49. Kf3 Kf6 50. Rg5 c3 51. Ke2 d4 52. Rd5 Rc7 53. Kd1
Rc4 54. Kc2 Kxg6 0-1

[Event "Steinegg - Klausen"]
[Site "?"]
[Date "2017.02.25"]
[Round "8.3"]
[White "Seebacher, Reinhard"]
[Black "Engl, Alexander"]
[Result "1-0"]
[WhiteElo "1898"]
[BlackElo "1829"]
[PlyCount "105"]
[EventDate "2017.02.25"]

1. d4 e6 2. Nc3 f5 3. e4 d5 4. exf5 exf5 5. Nf3 Nf6 6. Bg5 Be7 7. Bxf6 Bxf6 8.
Bd3 O-O 9. O-O c6 10. Re1 Qd6 11. Qd2 g6 12. Ne2 Be6 13. c3 Nd7 14. Qf4 Qxf4
15. Nxf4 Bf7 16. h4 Rae8 17. g3 Rxe1+ 18. Rxe1 Re8 19. Rb1 b5 20. Ng5 Bxg5 21.
hxg5 Nb6 22. b3 Kg7 23. Kf1 h6 24. gxh6+ Kxh6 25. Bc2 Kg7 26. Nd3 Nd7 27. b4
Ra8 28. Re1 Kf6 29. f4 Re8 30. Rxe8 Bxe8 31. Ne5 Nxe5 32. dxe5+ Ke6 33. Ke2 Bf7
34. Kd3 Kd7 35. Kd4 Be6 36. Kc5 Kc7 37. a4 a6 38. a5 Bd7 39. Kd4 Be6 40. g4 Kd7
41. gxf5 gxf5 42. Bd1 Kc7 43. Bh5 Kd7 44. Kc5 Kc7 45. Be8 d4 46. cxd4 Bd5 47.
Bg6 Be6 48. Bh7 Bc8 49. d5 cxd5 50. Kxd5 Bd7 51. e6 Bc6+ 52. Ke5 Kd8 53. Bxf5
1-0

[Event "Steinegg - Klausen"]
[Site "?"]
[Date "2017.02.25"]
[Round "8.4"]
[White "Pichler, Martin"]
[Black "Schrott, Ernst"]
[Result "1-0"]
[WhiteElo "1655"]
[BlackElo "1897"]
[PlyCount "45"]
[EventDate "2017.02.25"]

1. e4 c5 2. Nf3 e6 3. c3 d5 4. e5 Nc6 5. d4 Nge7 6. Bd3 Qb6 7. O-O Bd7 8. Kh1
cxd4 9. cxd4 Nb4 10. Nc3 Nxd3 11. Qxd3 Nc6 12. a3 Be7 13. b4 O-O 14. Bf4 f6 15.
Ne2 fxe5 16. dxe5 a6 17. Rad1 Qd8 18. Bg3 Rc8 19. Nf4 Bg5 20. Nxd5 exd5 21.
Qxd5+ Rf7 22. e6 Bxe6 23. Qxe6 1-0

[Event "Steinegg - Klausen"]
[Site "?"]
[Date "2017.02.25"]
[Round "8.5"]
[White "Schrott, Johann"]
[Black "Lantschner, Carmen"]
[Result "1/2-1/2"]
[WhiteElo "1831"]
[BlackElo "1630"]
[PlyCount "84"]
[EventDate "2017.02.25"]

1. e4 d6 2. d4 g6 3. Be3 Bg7 4. Nc3 Nf6 5. Qd2 O-O 6. Be2 c6 7. h4 h5 8. O-O-O
b5 9. e5 b4 10. Na4 Nd5 11. exd6 Nxe3 12. dxe7 Qxe7 13. Qxe3 Qxe3+ 14. fxe3 Bh6
15. Nc5 Bxe3+ 16. Kb1 Nd7 17. Ne4 Nb6 18. Bf3 Nd5 19. Nh3 a5 20. Rd3 a4 21.
Nf6+ Nxf6 22. Rxe3 Nd5 23. Bxd5 cxd5 24. Nf4 Bb7 25. g4 Rae8 26. Rxe8 Rxe8 27.
gxh5 Re4 28. Nd3 Rxd4 29. hxg6 fxg6 30. Rg1 Kf7 31. Ne5+ Kf6 32. Nxg6 Bc8 33.
h5 Bf5 34. Kc1 Rg4 35. Rxg4 Bxg4 36. Nf4 Bf3 37. Nd3 b3 38. axb3 axb3 39. c3
Bxh5 40. Nc5 Ke5 41. Nxb3 Ke4 42. Kd2 Bf7 1/2-1/2